El cristianismo: desde la religión de Estado hasta la libertad religiosa (Record no. 469847)

000 -CABECERA
Campo de control de longitud fija 00448nab a22001457 4500
003 - IDENTIFICADOR DEL NÚMERO DE CONTROL
Campo de control ES-SlBCS
005 - FECHA Y HORA DE LA ÚLTIMA TRANSACCIÓN
Campo de control 20210327224151.0
008 - CÓDIGOS DE INFORMACIÓN DE LONGITUD FIJA
Campo de control de longitud fija 161020s2016 sp ||||| |||| 00| 0 spa d
040 ## - FUENTE DE LA CATALOGACIÓN
Centro catalogador del origen ES-SlBCS
Lengua de catalogación spa
041 ## - CÓDIGO DE LENGUA
Código de lengua del texto/banda sonora o título independiente spa
100 1# - PUNTO DE ACCESO PRINCIPAL-NOMBRE DE PERSONA
Nombre de persona Babic, Mile
9 (RLIN) 100390
245 13 - MENCIÓN DE TÍTULO
Título El cristianismo: desde la religión de Estado hasta la libertad religiosa
Mención de responsabilidad, etc. Mile Babic
773 0# - ENLACE AL DOCUMENTO FUENTE
Parte(s) relacionada(s) Núm. 367, 2016, págs. 17-30
Título Concilium
Número de control del registro relacionado Rev134
Número Internacional Normalizado para Publicaciones Seriadas (ISSN) 0210-1041
942 ## - ENTRADA DE ELEMENTOS AGREGADOS (KOHA)
Fuente de clasificaión o esquema
Koha [por defecto] tipo de item Artículos de revista

No items available.

Bibliotecas Dominicos Provincia Hispania, 2016

Con tecnología Koha